| 000 | 01250cab a22002415a 4500 | ||
|---|---|---|---|
| 001 | L157351 | ||
| 008 | 121030e2012 xxk 000 0 eng d | ||
| 035 | _a(Sirsi) u157351 | ||
| 041 | 0 | _aeng | |
| 100 | 1 | _aWatson, Stuart | |
| 245 | 0 | 0 |
_aMarkets _bHerts, Beds, Bucks and Oxon |
| 260 | _c2012 | ||
| 490 | 0 |
_aProperty Week _v78(43) 26 October 2012, 41-46(5) |
|
| 520 | _aProvides an overview of recent commercial property activity in the region: Volkswagen Financial Services is poised to prelease a new HQ building in Milton Keynes (the town's biggest office prelet since 2010); Oxford's key regeneration projects at Barton West, Westgate, and Oxford Station/Oxpens; retail expansion at Milton Keynes shopping centres, Midsummer Place and Centre MK. White goods distributor Beko takes over Watford's Croxley Gateway office building. Logistics operators, Clipper and Prologis, expand sheds in Bedfordshire. Coplan Estates gears up for leisure-led, mixed-use scheme on the north bank of the River Ouse in Bedford. | ||
| 590 | _aKA | ||
| 651 | 4 | _aHertfordshire | |
| 651 | 4 | _aBedfordshire | |
| 651 | 4 | _aBuckinghamshire | |
| 651 | 4 | _aOxfordshire | |
| 690 |
_aCommercial property _96227 |
||
| 690 |
_aResidential property _96266 |
||
| 942 | _n0 | ||
| 999 |
_c84344 _d84344 |
||